Reflections on the morphology, anatomy, evolution, and classification of the class Stenolaemata (Bryozoa) /

Bibliographic Details
Main Author: Boardman, Richard S.
Corporate Author: Smithsonian Institution. Press
Format: Government Document Book
Language:English
Published: Washington, D.C. : Smithsonian Institution Press, 1998.
Series:Smithsonian contributions to paleobiology ; no. 86.
Subjects:

MARC

Tag First Indicator Second Indicator Subfields
LEADER 00000cam a2200000 a 4500
001 in00000001360
005 20151007050417.0
008 980128s1998 dcua b f000 0 eng
010 |a  98009732  
035 |a (OCoLC)38410374 
035 |9 AJB2838AM 
040 |d GPO  |d DLC  |d MvI  |d UtOrBLW 
049 |a UDOC 
050 0 0 |a QE701  |b .S56 no. 86  |a QE799.S74 
074 |a 0910-G 
082 0 0 |a 560 s  |a 564  |2 21 
086 0 |a SI 1.30:86 
100 1 |a Boardman, Richard S. 
245 1 0 |a Reflections on the morphology, anatomy, evolution, and classification of the class Stenolaemata (Bryozoa) /  |c Richard S. Boardman. 
264 1 |a Washington, D.C. :  |b Smithsonian Institution Press,  |c 1998. 
300 |a iii, 59 pages :  |b illustrations ;  |c 28 cm. 
336 |a text  |b txt  |2 rdacontent 
337 |a unmediated  |b n  |2 rdamedia 
338 |a volume  |b nc  |2 rdacarrier 
490 1 |a Smithsonian contributions to paleobiology ;  |v no. 86 
500 |a Shipping list number: 98-0357-P. 
504 |a Includes bibliographical references (pages 58-59). 
650 0 |a Stenolaemata, Fossil. 
650 0 |a Stenolaemata. 
710 2 |a Smithsonian Institution.  |b Press. 
830 0 |a Smithsonian contributions to paleobiology ;  |v no. 86. 
999 |a MARS 
999 f f |s 02089427-0909-35fe-ab6e-6bd7fa72120b  |i bcf1d1b6-ae8f-32c8-8a20-21521c993c46  |t 0 
952 f f |p normal  |a Texas A&M University  |b College Station  |c Sterling C. Evans Library  |d Evans: US Documents (Annex 5th floor)  |t 0  |e SI 1.30:85-87  |h Superintendent of Documents classification  |i unmediated -- volume  |m A14820684554 
998 f f |a SI 1.30:85-87  |t 0  |l Evans: US Documents (Annex 5th floor)